01452 a2200193 45000010006000000050017000060080041000230030015000640400040000790800022001192450024001412640080001653000033002455050888002781000022011667000029011887000022012177000019012392903520260407155559.0260407a1943 arg spa dAR-UNSa-BCEJYS aAR-UNSa-BCEJYSbspacAR-UNSa-BCEJYS a657xContabilidad10aManual del contador 1aMéxico :bUnión Tipográfica Editorial Hispano-Americana (UTEHA)c1943 a2v(896; 897-1849 p.)c19 cm. aTomo I: 1. Estados financieros - 2. Análisis de estado - 3. Representaciones graficas - 4. Clasificación de cuentas - 5. Caja - 6. Valores a recibir - 7. Inversiones - 8. Inventarios - 9. Terrenos y activos agotables - 10. Edificios y equipos - 11. Principios que rigen la depreciación - 12. Cuotas de depreciación - 13. Valuaciones de plantas industriales - 14. Intangibles - Tomo II: 15. Pasivo circulante - 16. Pasivo fijo - 17. Capital social - 18. Superavit, reservas , dividendos - 19. Estados consolidados - 20. Determinación de los rendimientos - 21. Organización de la contabilidad y control - 22. Presupuestos - 23. Ventas - 24. Costos de fabricación - 25. Costos de distribución - 26. Costos estandar - 27. Sistemas de contabilidad - 28. Métodos mecánicos - 29. Contaduria pública - 30. Contabilidad fiduciaria - 31. Métodos matmáticos y tablas.1 aPaton, William A.1 aCasas Alatriste, Roberto1 aMartinez, Enrique1 aOrtiz, Teodoro